Statistics for Bonanza Basics

Click here to take the quiz!

General Stats

  • This quiz has been taken 427 times
  • The average score is 10 of 25

Answer Stats

HintAnswer% Correct
Who played Ben Cartwright on the show?Lorne Greene
91%
Who played Little Joe Cartwright?Michael Landon
87%
What is the name of the Cartwright family's ranch?The Ponderosa
84%
What was the name of the Cartwrights' cook?Hop Sing
75%
Who played Hoss Cartwright?Dan Blocker
72%
Who played Adam Cartwright?Pernell Roberts
69%
Which television network originally aired "Bonanza"?NBC
59%
Near which city is this ranch located?Virginia City
57%
Who was the ranch hand who lived with the Cartwrights in some of the later seasons?Candy Canady
50%
In what year did the final episode, "The Hunter", first air?1973
43%
In what year did the first episode, "A Rose for Lotta", first air?1959
42%
What is Hoss's real name?Eric
32%
Little Joe's mother was from which city?New Orleans
31%
Who is the sheriff of the neighboring town?Roy Coffee
30%
What was the name of Adam's mother?Elizabeth
22%
What was the name of the teenage boy Ben adopted in Season 12?Jamie Hunter
22%
Little Joe's mother?Marie
21%
In what subject does Adam have a college degree?architecture
20%
Hoss's mother?Inger
18%
What was the name of Ben's horse?Buck
17%
Little Joe's horse?Cochise
16%
Adam's horse?Sport
13%
Hoss's horse?Chubb
12%
Who is the local doctor?Paul Martin
8%
And who is his main deputy?Clem Foster
5%

Score Distribution

Percentile by Number Answered

Percent of People with Each Score

Your Score History

You have not taken this quiz